书目信息 |
| 题名: |
浮现中的中国现代项目导向型社会与组织
|
|
| 作者: | 戚安邦 | |
| 分册: | ||
| 出版信息: | 北京 电子工业出版社 2009.01 |
|
| 页数: | 258页 | |
| 开本: | 20cm | |
| 丛书名: | ||
| 单 册: | ||
| 中图分类: | F120.3 | |
| 科图分类: | ||
| 主题词: | 经济--中国 | |
| 电子资源: | ||
| ISBN: | 978-7-121-07730-2 | |
| 000 | 00585nam0 2200217 45 | |
| 001 | 0938047676 | |
| 005 | 20091104103528.10 | |
| 010 | @a978-7-121-07730-2@dCNY39.00 | |
| 100 | @a20090515d2009 ekmy0 y0120 ea | |
| 102 | @aCN@b130000 | |
| 102 | @aCN@b110000 | |
| 105 | @ay z 000yy | |
| 200 | 1 | @a浮现中的中国现代项目导向型社会与组织@f戚安邦@Fqi an bang |
| 210 | @a北京@c电子工业出版社@d2009.01 | |
| 215 | @a258页@d20cm | |
| 606 | 0 | @a经济@x中国 |
| 690 | @aF120.3@v4 | |
| 701 | 0 | @a戚安邦@Aqi an bang |
| 801 | 0 | @aCN@c20091104 |
| 905 | @a10447@dF120.3@eQ004 | |
| 906 | @d39@n2@r1 | |
| 浮现中的中国现代项目导向型社会与组织/戚安邦.-北京:电子工业出版社,2009.01 |
| 258页;20cm |
| ISBN 978-7-121-07730-2:CNY39.00 |
| ● |
| 相关链接 |
|
|
|
正题名:浮现中的中国现代项目导向型社会与组织
索取号:F120.3/Q004
 
预约/预借
| 序号 | 登录号 | 条形码 | 馆藏地/架位号 | 状态 | 备注 |
| 1 | 897137 | 208971371 | 社科库409/409社科库 68排1列3层/ [索取号:F120.3/Q004] | 在馆 | |
| 2 | 897138 | 208971380 | 社科库409/409社科库 68排1列3层/ [索取号:F120.3/Q004] | 在馆 |